000 00733nam a2200253Ia 4500
003 OSt
005 20221005072917.0
006 a|||||r|||| 00| 0
007 ta
008 221004b |||||||| |||| 00| 0 urd d
020 _cINR 80.00
024 _a42051
037 _b2125, 16/03/2019, M.R.Publications
_cTextual
040 _aCRL
_cCRL
_burd
041 _2urd
_aurd
082 _aO168,1NZAx, P5
100 _aDanish Ashan Au.
_9607589
245 0 _aZanjeer-e-baharan
260 _aNew Delhi
_bFarid book depot India
_c2005
300 _a307p.
_ccm.
650 _aURDU POETRY
942 _hO168,1NZAx, P5
_cTEXL
_2cc
999 _c980275
_d980275